The Contract Act with Commentary / (Record no. 613149)

000 -LEADER
fixed length control field 00321nam a22001337a 4500
082 ## - DEWEY DECIMAL CLASSIFICATION NUMBER
Classification number 346.02
Author Mark ABB
100 ## - MAIN ENTRY--PERSONAL NAME
Personal name Abbas, K. B.
245 ## - TITLE STATEMENT
Title The Contract Act with Commentary /
Statement of responsibility, etc. K. B. Abbas
260 ## - PUBLICATION, DISTRIBUTION, ETC.
Place of publication, distribution, etc. Lahore:
Name of publisher, distributor, etc. PLD Publishers,
Date of publication, distribution, etc. 2023.
300 ## - PHYSICAL DESCRIPTION
Extent 315p. ;
563 ## - BINDING INFORMATION
Binding note HB
650 ## - SUBJECT ADDED ENTRY--TOPICAL TERM
Topical term or geographic name entry element Law
942 ## - ADDED ENTRY ELEMENTS (KOHA)
Source of classification or shelving scheme
Koha item type Book
650 ## - SUBJECT ADDED ENTRY--TOPICAL TERM
-- 35302
Holdings
Withdrawn status Lost status Source of classification or shelving scheme Damaged status Not for loan Permanent Location Current Location Date acquired Total Checkouts Total Renewals Full call number Barcode Date last seen Date last checked out Price effective from Koha item type Checked out
          NUST Law School (NLS) NUST Law School (NLS) 03/04/2025 3 1 346.02 KAM NLS-530 04/28/2026 01/20/2026 03/04/2025 Book  
          NUST Law School (NLS) NUST Law School (NLS) 03/04/2025 3   346.02 KAM NLS-531 12/09/2025 12/09/2025 03/04/2025 Book 01/08/2026
          NUST Law School (NLS) NUST Law School (NLS) 03/04/2025 1   346.02 KAM NLS-532 10/01/2025 10/01/2025 03/04/2025 Book 10/31/2025
© 2023 Central Library, National University of Sciences and Technology. All Rights Reserved.